Spectacle and display : a modern history of Britain's Roman mosaic pavements /

Antiquarian interest in the Roman period mosaics of Britain began in the 16th century. This book explores responses and attitudes to mosaics, not just at the point of discovery but during their subsequent history. It is a field which has received scant attention and provides a compelling insight int...

وصف كامل

محفوظ في:

المؤلف الرئيسي: Dawson, M. 1955- (مؤلف)

التنسيق: كتاب الكتروني

اللغة: English

منشور في: Oxford : Archaeopress Publishing Ltd, 2021.

سلاسل: Archaeopress Roman archaeology ; 79.

الموضوعات:

الوصول للمادة أونلاين: Login to view Source

الوسوم: إضافة وسم

لا توجد وسوم, كن أول من يضع وسما على هذه التسجيلة!

رقم الطلب: NA3770

LEADER 01908nam a2200409 i 4500
001 EDZ0002547169
003 StDuBDS
005 20230412183004.0
006 m|||||o||d||||||||
007 cr |||||||||||
008 210525s2021 enka fob 000|0|eng|d
020 |a 9781789698329 (PDF ebook) :  |c No price 
040 |a StDuBDS  |b eng  |c StDuBDS  |e rda  |e pn 
050 4 |a NA3770 
082 0 4 |a 738.52  |2 23 
100 1 |a Dawson, M.  |q (Michael),  |d 1955-  |e author. 
245 1 0 |a Spectacle and display :  |b a modern history of Britain's Roman mosaic pavements /  |c Michael Dawson. 
264 1 |a Oxford :  |b Archaeopress Publishing Ltd,  |c 2021. 
300 |a 1 online resource (256 pages) :  |b illustrations. 
336 |a text  |2 rdacontent 
336 |a still image  |2 rdacontent 
337 |a computer  |2 rdamedia 
338 |a online resource  |2 rdacarrier 
490 1 |a Archaeopress Roman archaeology ;  |v 79 
500 |a Also issued in print: 2021. 
504 |a Includes bibliographical references. 
520 8 |a Antiquarian interest in the Roman period mosaics of Britain began in the 16th century. This book explores responses and attitudes to mosaics, not just at the point of discovery but during their subsequent history. It is a field which has received scant attention and provides a compelling insight into the agency of these remains. 
521 |a Specialized. 
588 |a Description based on online resource; title from PDF title page (viewed on July 16, 2021). 
650 0 |a Pavements, Mosaic  |z Great Britain. 
650 0 |a Mosaics, Roman  |z Great Britain. 
776 0 8 |i Print version :  |z 9781789698312 
830 0 |a Archaeopress Roman archaeology ;  |v 79. 
856 4 0 |3 Archaeopress  |u http://library.arce.org:8087/Archaeopress/Products/9781789698312 
942 |2 lcc  |c EBOOK 
952 |0 0  |1 0  |4 0  |6 NA3770  |7 1  |9 46785  |a ARCH  |b ARCH  |d 2023-04-12  |l 0  |o NA3770  |r 2023-04-12 00:00:00  |w 2023-04-12  |y EBOOK 
999 |c 52443  |d 52443